Post-Independence India and Women (Record no. 11795)

MARC details
000 -LEADER
fixed length control field 00550nam a2200229 a 4500
020 ## - INTERNATIONAL STANDARD BOOK NUMBER
ISBN 8174887
082 00 - DEWEY DECIMAL CLASSIFICATION NUMBER
Classification number 305
Author Cutter PRU
100 ## - MAIN ENTRY--AUTHOR NAME
Author name Pruthi, Ran
245 ## - TITLE STATEMENT
Title Post-Independence India and Women
260 ## - PUBLICATION, DISTRIBUTION, ETC. (IMPRINT)
Place of publication Delhi
Name of publisher Anmol Publishers
Year of publication 1995
300 ## - PHYSICAL DESCRIPTION
Number of Pages 261p
500 ## - GENERAL NOTE
General note includes index and biblioraphy
505 2# - FORMATTED CONTENTS NOTE
Formatted contents note Index
650 ## - SUBJECT ADDED ENTRY--TOPICAL TERM
Topical Term Women-India
942 ## - ADDED ENTRY ELEMENTS (KOHA)
Koha item type Books
Holdings
Collection code Home library Current library Date acquired Cost, normal purchase price Full call number Accession Number Koha item type
  Henry Martyn Institute Library Henry Martyn Institute Library 04/27/2012 350.00 305 PRU 016385 Books
                   Copyright © 2026 | Henry Martyn Institute | Hyderabad | TS-500052 | INDIA | Implemented by hmi.edu.in
Hit-Count:

Powered by Koha